| 000 | 00696cam a2200253 4500 | ||
|---|---|---|---|
| 008 | 090401t1988 xxu||||| |||| 00| 0 eng d | ||
| 020 | _a0854063765 | ||
| 035 | _a(Sirsi) u46310 | ||
| 041 | _aeng | ||
| 050 | _a711.14 | ||
| 090 | _aRICS 1988/45ABCD | ||
| 100 | _aHamilton, R.N.D. | ||
| 245 | _aCompensation for compulsory acquisition of agricultural land | ||
| 250 | _a4th ed. | ||
| 260 |
_aLondon _bSurveyors Publications _c1988 |
||
| 300 | _a80p. ; 24cm. | ||
| 350 | _a15.95 | ||
| 520 | _aPublished on behalf of the RICS by Surveyors Publications | ||
| 650 | _aCOMPENSATION | ||
| 650 |
_aCompulsory purchase _96228 |
||
| 650 | _aFARM LAND | ||
| 942 | _n0 | ||
| 948 | _c04/03/1997 | ||
| 999 |
_c91906 _d91906 |
||